Годовой отчет о научной работе в 1968 году ректора института профессора-доктора А. А. Воробьева

מידע ביבליוגרפי
מחבר ראשי: Воробьев А. А. Александр Акимович
סיכום:Листы не проснумерованы.
שפה:רוסית
יצא לאור: Томск, 1968
נושאים:
פורמט: MixedMaterials ספר
KOHA link:https://koha.lib.tpu.ru/cgi-bin/koha/opac-detail.pl?biblionumber=173367

MARC

LEADER 00000nbm0a2200000 4500
001 173367
005 20231031164458.0
035 |a (RuTPU)RU\TPU\book\188027 
090 |a 173367 
100 |a 20091223d1968 km y0rusy50 ca 
101 0 |a rus 
102 |a RU 
105 |a y z 000zy 
200 1 |a Годовой отчет о научной работе в 1968 году ректора института профессора-доктора А. А. Воробьева  |f А. А. Воробьев 
210 |a Томск  |d 1968 
300 |a Листы не проснумерованы. 
610 1 |a ТПИ 
610 1 |a Томский политехнический институт 
610 1 |a история 
610 1 |a научная деятельность 
610 1 |a отчеты 
610 1 |a труды учёных ТПУ 
675 |a 6.022(092)  |v 3 
700 1 |a Воробьев  |b А. А.  |c российский физик  |c ректор Томского политехнического института, профессор  |f 1909-1981  |g Александр Акимович  |2 stltpush  |3 (RuTPU)RU\TPU\pers\12805  |4 070 
801 1 |a RU  |b 63413507  |c 20091223 
801 2 |a RU  |b 63413507  |c 20100311  |g RCR 
942 |c BK